[Event "EU-ch Rapid"]
[Site "Katowice"]
[Date "2021.12.18"]
[Round "2"]
[White "Jablonski, Marcin"]
[Black "Kjartansson, Gudmundur"]
[Result "0-1"]
[WhiteElo "2012"]
[BlackElo "2460"]
[PlyCount "112"]
[EventDate "2021.12.18"]
[EventType "swiss (rapid)"]
[EventRounds "11"]
[EventCountry "POL"]
[SourceTitle "CBM 205 Extra"]
[Source "ChessBase"]
[SourceDate "2022.01.31"]
[SourceVersion "1"]
[SourceVersionDate "2022.01.31"]
[SourceQuality "1"]

1. d4 Nf6 2. Nf3 b6 3. Bg5 e6 4. e4 h6 5. Bxf6 Qxf6 6. Bd3 Bb7 7. Nbd2 d6 8. Qe2 g5 9. e5 Qe7 10. Ne4 Bxe4 11. Bxe4 d5 12. Bd3 g4 13. Nd2 h5 14. 0-0 Bh6 15. a3 h4 16. c4 Qg5 17. Rad1 Nd7 18. cxd5 exd5 19. e6 Nf6 20. Bb5+ Kf8 21. Bc6 Rb8 22. e7+ Kg7 23. Qe5 Qxe5 24. dxe5 Nh5 25. Nb3 Nf4 26. g3 Ng6 27. e8Q Rhxe8 28. Bxe8 Rxe8 29. Rxd5 Nxe5 30. gxh4 Nf3+ 31. Kg2 Bf4 32. Nd4 Nxh4+ 33. Kh1 Kg6 34. b4 f5 35. f3 g3 36. hxg3 Bxg3 37. f4 Kf6 38. Nb5 Re3 39. Nxc7 Rxa3 40. Rd6+ Ke7 41. Rh6 Ra2 42. Nd5+ Kf7 43. Ne3 Re2 44. Rxh4 Bxh4 45. Nxf5 Bf6 46. Nd6+ Ke6 47. Nb5 a6 48. Nc7+ Kf5 49. Nxa6 Kg4 50. Nc7 Kh3 51. Rf3+ Kg4 52. Rf1 Kg3 53. Rd1 Bd4 54. Rd3+ Be3 55. Rxe3+ Rxe3 56. Nd5 Re1# 0-1

[Event "Pszczyna op"]
[Site "Pszczyna"]
[Date "2009.07.15"]
[Round "3"]
[White "Wozniak, Dawid"]
[Black "Jablonski, Marcin"]
[Result "1-0"]
[WhiteElo "1894"]
[BlackElo "2033"]
[PlyCount "87"]
[EventDate "2009.07.14"]
[EventType "swiss"]
[EventRounds "9"]
[EventCountry "POL"]
[SourceTitle "CBM 131 Extra"]
[Source "ChessBase"]
[SourceDate "2009.09.03"]
[SourceVersion "2"]
[SourceVersionDate "2009.09.16"]
[SourceQuality "1"]

1. d4 d5 2. c4 c6 3. Nc3 Nf6 4. Bf4 e6 5. c5 Be7 6. Nf3 Nbd7 7. e3 Nh5 8. Bg3 Nxg3 9. hxg3 e5 10. b4 Bf6 11. Be2 0-0 12. Rc1 Re8 13. dxe5 Nxe5 14. Nd4 h6 15. 0-0 Bd7 16. b5 Qe7 17. bxc6 bxc6 18. Na4 Rab8 19. Qd2 Qd8 20. Rb1 Qc7 21. Rb3 Rxb3 22. axb3 Qb7 23. Rb1 Rb8 24. b4 Nc4 25. Bxc4 dxc4 26. Nc3 Be7 27. Qa2 Bf6 28. Qxc4 Bxd4 29. Qxd4 Be6 30. b5 cxb5 31. Rxb5 Qc7 32. Rxb8+ Qxb8 33. c6 a6 34. Qc5 Qc7 35. e4 Kh7 36. Nd5 Qe5 37. Qc2 f5 38. Nf4 Bc8 39. f3 g5 40. Nd3 Qxg3 41. Qc5 fxe4 42. Qe7+ Kg6 43. Nc5 Kh5 44. Qf7+ 1-0

[Event "Pszczyna op"]
[Site "Pszczyna"]
[Date "2009.07.14"]
[Round "2"]
[White "Jablonski, Marcin"]
[Black "Kalinin, Oleg"]
[Result "0-1"]
[WhiteElo "2033"]
[BlackElo "2373"]
[PlyCount "52"]
[EventDate "2009.07.14"]
[EventType "swiss"]
[EventRounds "9"]
[EventCountry "POL"]
[SourceTitle "CBM 131 Extra"]
[Source "ChessBase"]
[SourceDate "2009.09.03"]
[SourceVersion "2"]
[SourceVersionDate "2009.09.16"]
[SourceQuality "1"]

1. d4 Nf6 2. Bg5 Ne4 3. Bf4 c5 4. f3 Qa5+ 5. c3 Nf6 6. d5 e6 7. e4 d6 8. Bd2 exd5 9. c4 Qd8 10. cxd5 g6 11. Qc1 h5 12. Bc4 Nbd7 13. a4 Bg7 14. Ne2 0-0 15. 0-0 Ne5 16. b3 Nxc4 17. Bh6 Ne5 18. Bxg7 Kxg7 19. Qc3 Kh7 20. Nd2 b6 21. f4 Ned7 22. Rf3 Ba6 23. Re1 Re8 24. Ng3 Nxd5 25. Qa1 Nb4 26. Qa3 d5 0-1

[Event "POL-chT3 Slaskie"]
[Site "Poland"]
[Date "2008.03.02"]
[Round "6.84"]
[White "Jablonski, Marcin"]
[Black "Szydlowski, Kazimierz"]
[Result "1-0"]
[WhiteElo "2048"]
[BlackElo "1937"]
[PlyCount "75"]
[EventDate "2008.02.03"]
[EventType "team-swiss"]
[EventRounds "9"]
[EventCountry "POL"]
[SourceTitle "EXT 2019"]
[Source "ChessBase"]
[SourceDate "2018.10.10"]
[SourceVersion "1"]
[SourceVersionDate "2018.10.10"]
[SourceQuality "1"]

1. d4 d5 2. Nc3 Nf6 3. Bg5 e6 4. e4 dxe4 5. Nxe4 Be7 6. Bxf6 Bxf6 7. Nf3 0-0 8. c3 b6 9. Bd3 Bb7 10. Qc2 g6 11. 0-0-0 Nd7 12. h4 Rc8 13. h5 Bxe4 14. Bxe4 Bg5+ 15. Kb1 Qf6 16. Rh3 Bf4 17. hxg6 hxg6 18. Rdh1 c5 19. g3 Bd6 20. Qd2 cxd4 21. Rh8+ Qxh8 22. Rxh8+ Kxh8 23. Qxd4+ Kg8 24. Qxd6 Rfd8 25. Qf4 Kg7 26. Bc2 Rh8 27. a3 Rc5 28. Qd4+ Nf6 29. g4 Rd5 30. Qf4 Rh1+ 31. Ka2 Nd7 32. Ng5 Nf6 33. Be4 Rxg5 34. Qxg5 Nxe4 35. Qe5+ Nf6 36. g5 Rh5 37. gxf6+ Kh6 38. Qc7 1-0

[Event "POL-chT3 Slaskie"]
[Site "Poland"]
[Date "2008.02.19"]
[Round "3.8"]
[White "Obrusnik, Michal"]
[Black "Jablonski, Marcin"]
[Result "1-0"]
[WhiteElo "2029"]
[BlackElo "2048"]
[PlyCount "135"]
[EventDate "2008.02.03"]
[EventType "team-swiss"]
[EventRounds "9"]
[EventCountry "POL"]
[SourceTitle "EXT 2019"]
[Source "ChessBase"]
[SourceDate "2018.10.10"]
[SourceVersion "1"]
[SourceVersionDate "2018.10.10"]
[SourceQuality "1"]

1. e4 e6 2. d4 d5 3. Nc3 Nf6 4. Bg5 dxe4 5. Nxe4 Be7 6. Ng3 c5 7. dxc5 Qa5+ 8. Qd2 Qxd2+ 9. Bxd2 Bxc5 10. f3 Bd7 11. 0-0-0 Bc6 12. c4 a5 13. N1e2 Nbd7 14. Nf4 0-0 15. Nd3 Bd6 16. Ne2 Ne5 17. Nxe5 Bxe5 18. Bc3 Bxc3 19. Nxc3 Rfd8 20. Be2 Kf8 21. a3 Ke7 22. Rxd8 Rxd8 23. b4 axb4 24. axb4 b6 25. Kc2 Ba8 26. Kb3 Nd7 27. Bd3 f5 28. Rd1 g6 29. Bf1 e5 30. c5 bxc5 31. b5 Bb7 32. Na4 h6 33. Bc4 Rb8 34. Bf1 e4 35. fxe4 fxe4 36. g3 Bc6 37. Nc3 Ba8 38. Kc4 Rf8 39. Bh3 Ne5+ 40. Kxc5 Nd3+ 41. Kb6 Nf2 42. Rd7+ Kf6 43. Bg2 Ke5 44. Ka7 Rc8 45. Nd1 Nxd1 46. Rxd1 Bd5 47. Rxd5+ Kxd5 48. b6 Rc2 49. Bf1 Kc6 50. b7 Ra2+ 51. Ba6 Rb2 52. b8Q Rxb8 53. Kxb8 e3 54. Kc8 h5 55. Kd8 Kd6 56. Bc4 g5 57. Be2 h4 58. Ke8 Ke6 59. Kf8 Kf6 60. Bf3 Kf5 61. Kf7 h3 62. Kg7 e2 63. Bxe2 Ke4 64. Bg4 Ke3 65. Bxh3 Kf2 66. Kg6 Kg1 67. Kxg5 Kxh2 68. Kh4 1-0

[Event "POL-chT3 Slaskie"]
[Site "Poland"]
[Date "2008.02.03"]
[Round "1.7"]
[White "Piesik, Piotr"]
[Black "Jablonski, Marcin"]
[Result "1-0"]
[WhiteElo "2022"]
[BlackElo "2048"]
[PlyCount "113"]
[EventDate "2008.02.03"]
[EventType "team-swiss"]
[EventRounds "9"]
[EventCountry "POL"]
[SourceTitle "EXT 2019"]
[Source "ChessBase"]
[SourceDate "2018.10.10"]
[SourceVersion "1"]
[SourceVersionDate "2018.10.10"]
[SourceQuality "1"]

1. Nf3 d5 2. g3 Nc6 3. Bg2 e5 4. d3 Nf6 5. 0-0 Bc5 6. Nbd2 0-0 7. e4 dxe4 8. dxe4 a5 9. c3 a4 10. Qc2 Re8 11. Nc4 Ng4 12. h3 Be6 13. Qe2 Nxf2 14. Rxf2 Bxf2+ 15. Kxf2 f6 16. Ne3 Ne7 17. Bd2 Qc8 18. h4 Rd8 19. c4 c6 20. Bb4 Qc7 21. Rd1 b6 22. Rxd8+ Qxd8 23. Qc2 Qd7 24. Bf1 Kf7 25. Bc3 Kg8 26. Qd3 Rd8 27. Qxd7 Rxd7 28. Be2 Nc8 29. Nd2 Kf7 30. Bd1 Ra7 31. a3 g6 32. Bc2 Nd6 33. Bb4 c5 34. Bc3 b5 35. Bd3 Rb7 36. cxb5 Nxb5 37. Bxb5 Rxb5 38. Ndc4 Ke7 39. Ke2 Bd7 40. Nd5+ Ke6 41. Nc7+ Ke7 42. Nxb5 Bxb5 43. Kd3 f5 44. Bxe5 fxe4+ 45. Kc3 Ke6 46. Bf4 Kd5 47. Ne3+ Ke6 48. Kd2 Ba6 49. Nd1 Bb7 50. Nc3 Bc6 51. Bh6 Kf5 52. Ke3 Ke5 53. Bf8 Kf5 54. Bxc5 h6 55. Ba7 Ke5 56. g4 Bd7 57. Bb8+ 1-0

[Event "POL-chT3 Slaskie"]
[Site "Poland"]
[Date "2008.02.03"]
[Round "2.5"]
[White "Zawierucha, Aleksander"]
[Black "Jablonski, Marcin"]
[Result "1/2-1/2"]
[WhiteElo "2057"]
[BlackElo "2048"]
[PlyCount "161"]
[EventDate "2008.02.03"]
[EventType "team-swiss"]
[EventRounds "9"]
[EventCountry "POL"]
[SourceTitle "EXT 2019"]
[Source "ChessBase"]
[SourceDate "2018.10.10"]
[SourceVersion "1"]
[SourceVersionDate "2018.10.10"]
[SourceQuality "1"]

1. d4 d5 2. c4 Nc6 3. cxd5 Qxd5 4. e3 e5 5. Nc3 Bb4 6. Bd2 Bxc3 7. bxc3 exd4 8. cxd4 Nf6 9. Nf3 0-0 10. Be2 Ne4 11. 0-0 Nxd2 12. Qxd2 Bg4 13. Rfc1 Qd6 14. Rab1 Rab8 15. Qc2 g6 16. h3 Be6 17. Bb5 Bd7 18. Bxc6 bxc6 19. Ne5 Bf5 20. e4 Rxb1 21. Qxb1 Qxd4 22. Nxc6 Qxe4 23. Qxe4 Bxe4 24. Nxa7 c6 25. Nxc6 Kg7 26. f3 Bd5 27. Nb4 Be6 28. Ra1 Rb8 29. Nc6 Ra8 30. a3 Kf6 31. Kf2 Bd7 32. Nb4 Ra5 33. Rd1 Be6 34. Rd3 Kg5 35. Rc3 Bd7 36. Nd3 Ra7 37. Nc5 Bc6 38. g3 Kf5 39. f4 h5 40. a4 h4 41. a5 hxg3+ 42. Kxg3 Bb5 43. a6 Bc6 44. Rb3 Re7 45. Nb7 Re1 46. Na5 Bd5 47. a7 Bh1 48. Rb5+ Kf6 49. Rb8 Kf5 50. Nb7 Ra1 51. a8Q Rxa8 52. Rxa8 Bxb7 53. Ra5+ Kf6 54. Kf2 Bc8 55. h4 Bf5 56. Ke3 Bg4 57. Ke4 Bh3 58. Ra6+ Kg7 59. Ke5 Bg4 60. Ra3 Be6 61. Rg3 Bd7 62. h5 Bc8 63. hxg6 fxg6 64. Rc3 Bf5 65. Rc7+ Kh6 66. Rf7 Bc2 67. Rf8 Kh5 68. Kd4 Kg4 69. Ke3 Bf5 70. Rb8 Bd7 71. Rb1 Kf5 72. Rd1 Bc6 73. Rc1 Bg2 74. Rc5+ Kf6 75. Re5 Bc6 76. Kf2 Bb7 77. Kg3 Bc6 78. Kh4 Bd7 79. Ra5 Be6 80. Ra6 Kf5 81. Kg3 1/2-1/2

[Event "Golden Rook op"]
[Site "Chotowa"]
[Date "2003.05.09"]
[Round "4"]
[White "Jablonski, Marcin"]
[Black "Probola, Ryszard"]
[Result "1-0"]
[WhiteElo "2000"]
[BlackElo "2220"]
[PlyCount "67"]
[EventDate "2003.05.??"]
[EventType "swiss"]
[EventRounds "9"]
[EventCountry "POL"]
[SourceTitle "EXT 2005"]
[Source "ChessBase"]
[SourceDate "2004.11.15"]
[SourceVersion "1"]
[SourceVersionDate "2004.11.15"]
[SourceQuality "1"]

1. d4 Nf6 2. c3 d5 3. Nf3 Nc6 4. Bg5 Ne4 5. Bf4 g6 6. Nbd2 f5 7. Ne5 Bg7 8. Ndf3 0-0 9. Qc1 Nxe5 10. Bxe5 c5 11. Bxg7 Kxg7 12. e3 Be6 13. Be2 Rc8 14. 0-0 Qc7 15. g3 c4 16. Ne5 a5 17. Bd1 b5 18. Bc2 g5 19. f3 Nd6 20. Qe1 Rf6 21. Kh1 Rb8 22. Rb1 b4 23. Qd2 b3 24. axb3 cxb3 25. Bd3 Nc4 26. Bxc4 dxc4 27. e4 f4 28. gxf4 gxf4 29. Rg1+ Kh8 30. Qf2 Rh6 31. Rg5 Rf8 32. Rbg1 Qc8 33. d5 Bh3 34. Rg8+ 1-0